000 00967nam a2200265Ia 4500
003 OSt
005 20221005105243.0
006 a|||||r|||| 00| 0
007 ta
008 221004b |||||||| |||| 00| 0 hin d
020 _a8188457086 (hbk)
_c200
024 _a121055
037 _b13326, 14/07/2012, Kitab Ghar
_cTextual
040 _aCRL
_cCRL
_bhin
041 _2hin
_ahin
082 _aY6:4:7, 152P8
100 _aमिश्र, विनोद कुमार
245 0 _aविकलांगो के अधिकार
246 _aVikalāango ke adhikāra
260 _aनई दिल्ली
_bकल्याणी शिक्षा परिषद भारत
_c2008
300 _a176पृ0
_ccm.
650 _aभारतीय-लोक साहित्य
942 _hY6:4:7, 152P8
_cTEXL
_2cc
999 _c1015292
_d1015292